| 000 | 00397pab a2200169 454500 | ||
|---|---|---|---|
| 008 | 180718b2015 xxu||||| |||| 00| 0 eng d | ||
| 100 | _aSingh, C.P. | ||
| 245 | _aGandhi and world peace | ||
| 260 | _c2015 | ||
| 300 | _ap.49-53. | ||
| 362 | _aJan-Jun & Jul-Dec | ||
| 650 | _aPeace | ||
| 650 | _aGandhi, Mahatma | ||
| 700 | _aRekha Kumari | ||
| 773 | _aReview of Politics | ||
| 909 | _a115861 | ||
| 999 |
_c115855 _d115855 |
||